Repertóriumok
Elmentve itt :
| Dokumentumtípus: | Cikk |
|---|---|
| Megjelent: |
2004
|
| Sorozat: | Szemiotikai szövegtan
|
| Kulcsszavak: | Nyelvészet repertórium |
| Online Access: | http://acta.bibl.u-szeged.hu/832 |
| LEADER | 00519nab a2200169 i 4500 | ||
|---|---|---|---|
| 001 | acta832 | ||
| 005 | 20210722104736.0 | ||
| 008 | 161015s2004 hu o 0|| hun d | ||
| 022 | |a 0865-5960 | ||
| 040 | |a SZTE Egyetemi Kiadványok Repozitórium |b hun | ||
| 041 | |a hun | ||
| 245 | 0 | 0 | |a Repertóriumok |h [elektronikus dokumentum] |
| 260 | |c 2004 | ||
| 300 | |a 238-240 | ||
| 490 | 0 | |a Szemiotikai szövegtan | |
| 695 | |a Nyelvészet repertórium | ||
| 856 | 4 | 0 | |u http://acta.bibl.u-szeged.hu/832/1/szemiotikai_016_238-240.pdf |z Dokumentum-elérés |